000 01189cam a2200325 a 4500
999 _c816
_d816
001 16588890
003 OSt
005 20210621075620.0
008 101223s2012 mauab b 001 0 eng d
010 _a 2010943353
020 _a9780495906551 (student ed. : pbk.)
020 _a0495906557 (student ed. : pbk.)
035 _a(OCoLC)ocn657601840
040 _aBTCTA
_beng
_cBTCTA
_dYDXCP
_dAZS
_dDLC
042 _alccopycat
050 0 0 _aJZ1310
_b.K45 2012
082 0 0 _a327.101
_223
100 1 _aKegley, Charles W.
245 1 0 _aWorld politics :
_btrends and transformations /
_cCharles William Kegley and Shannon Lindsey Blanton.
250 _a2011-2012 updated ed.
260 _aBoston, MA :
_bWadsworth Cengage Learning,
_cc2012.
300 _axxxii, 672 p. :
_bcol. ill., col. maps ;
_c26 cm.
504 _aIncludes bibliographical references (p. 627-658) and indexes.
650 0 _aWorld politics
_y21st century.
650 0 _aInternational relations
_xHistory
_y21st century.
700 1 _aBlanton, Shannon Lindsey.
906 _a7
_bcbc
_ccopycat
_d3
_encip
_f20
_gy-gencatlg
942 _2lcc
_cBK
_nso